| LEADER |
00730nam0a2200205 450 |
| 001 |
16815777 |
| 010 |
|
|
|a 2-7434-2099-5
|b rel.
|d 36,08 F
|
| 100 |
|
|
|a 20020318d2026 u u0frey01 ba
|
| 101 |
1 |
|
|a fre
|c ita
|
| 102 |
|
|
|a FR
|
| 200 |
0 |
|
|a plus beaux contes d'Asie (Les)
|f [ill. par Maria Toesca]
|g [texte de Rita Marchiori]
|
| 207 |
|
1 |
|a
|
| 210 |
|
|
|a [Paris]
|b 60 rue Saint-André-des-Arts
|c Ed. du Korrigan
|d cop. 2001
|
| 215 |
|
|
|a 50 p.
|c ill. en coul., couv. ill. en coul.
|d 30 cm
|
| 225 |
1 |
|
|a (Les )contes du monde entier
|
| 702 |
|
0 |
|a Toesca
|b Maria
|4 440
|
| 702 |
|
0 |
|a Marchiori
|b Rita
|4 70
|
| 900 |
|
|
|a Conte
|
| 901 |
|
|
|a Accessible au prêt
|
| 995 |
|
|
|a Bibliothèque
|c Bibliothèque
|f 024013862
|h 024013862
|k C COL
|o p
|q j
|r az
|e Bibliothèque
|